000 00214nam a22000857a 4500
008 170527b xxu||||| |||| 00| 0 eng d
100 _93167
_aMisra.R.R.etal.
245 _aChemistry-XII-II
260 _aNew Delhi
_bABD
_c1987
999 _c6470
_d6470